| 000 | 01264cam a22003617a 4500 | ||
|---|---|---|---|
| 003 | CHAP | ||
| 005 | 20220329141427.0 | ||
| 008 | 971013s1984 r 00010 d | ||
| 010 | _a67973 | ||
| 011 | _a68945 | ||
| 035 | _a78419 | ||
| 040 | _cCHAP | ||
| 090 | _aFolleto 11632 | ||
| 100 | 0 | 0 |
_aGil F., Sergio Lombardo. _947927 |
| 245 | 0 | _aDeterminación de épocas y frecuencias de aplicación de oxicloruro de cobre 50 c.m. para el combate de la roya del cafeto Hemileia vastatrix Berk & Br. | |
| 260 |
_aSan Salvador : _bISIC, _c1984 |
||
| 300 |
_aPP. 3-16 _b: ilus.; gráfs. |
||
| 490 | 0 |
_aBoletín técnico _v; nueva serie; 11 |
|
| 501 | _aEnc. con otro impreso similar | ||
| 590 |
_aBATCH-UPD _b10 _c20130110 _lUCH01 _h0435 |
||
| 590 |
_aBATCH-UPD _b10 _c20130110 _lUCH01 _h2240 |
||
| 590 |
_aBATCH-UPD _b10 _c20130410 _lUCH01 _h0110 |
||
| 590 |
_aBATCH-UPD _b10 _c20130914 _lUCH01 _h0654 |
||
| 590 |
_aCONVERSION _b10 _c20130109 _lUCH01 _h1337 |
||
| 650 | 1 | 4 |
_aCafé _xPlagas. _917181 |
| 650 | 1 | 4 |
_aFungicidas. _944044 |
| 650 | 1 | 4 |
_aHemileia vastatrix. _953502 |
| 650 | 1 | 4 |
_aOxicloruro de cobre. _984462 |
| 830 | 0 |
_aBoletín técnico _v; nueva serie; 11 _913560 |
|
| 901 | _aBK | ||
| 942 | _cFOLL | ||
| 949 |
_aFolleto 11632 _bBC _cFOLL _d-31293 _eTS1 _i78419 _si |
||
| 999 |
_c67973 _d67973 |
||